Sports Quiz

Random Sports or NBA Quiz

NBA Team by their record (2018-19) Quiz Stats

 Plays Quiz not verified by Sporcle

Support Sporcle.
Go Orange.
Score 0/30 Timer 10:00
0 Plays Today
Record Teams % Correct
60-22Milwaukee Bucks
98%
58-24Toronto Raptors
98%
57-25Golden State Warriors
96.1%
54-28Denver Nuggets
92.2%
53-29Portland Trail Blazers
84.3%
53-29Houston Rockets
84.3%
50-32Utah Jazz
84.3%
49-33Boston Celtics
82.4%
49-33Oklahoma City Thunder
82.4%
48-34Indiana Pacers
82.4%
48-34Los Angeles Clippers
82.4%
51-31Philadelphia 76ers
80.4%
48-34San Antonio Spurs
80.4%
42-40Brooklyn Nets
80.4%
42-40Orlando Magic
80.4%
Record Teams % Correct
41-41Detroit Pistons
80.4%
17-65New York Knicks
80.4%
39-43Sacramento Kings
78.4%
19-63Phoenix Suns
76.5%
39-43Charlotte Hornets
74.5%
37-45Los Angeles Lakers
74.5%
39-43Miami Heat
72.5%
33-49Dallas Mavericks
72.5%
29-53Atlanta Hawks
72.5%
22-60Chicago Bulls
72.5%
19-63Cleveland Cavaliers
72.5%
33-49Memphis Grizzlies
70.6%
33-49New Orleans Pelicans
68.6%
36-46Minnesota Timberwolves
66.7%
32-50Washington Wizards
66.7%

You're not logged in!

Compare scores with friends on all Sporcle quizzes.
OR
Log In

From the Vault

Multi-Category Fivesomes IV

by strokes_static

Feel free to also keep a tally for clerical purposes.
Remove Ads.
Support Sporcle.
Get the best of Sporcle when you Go Orange. This ad-free experience offers more features, more stats, and more fun while also helping to support Sporcle. Thank you for becoming a member.

Show Comments

Extras

Created Jul 8, 2019ReportNominate
Tags:NBA Quiz, record, team

Top Quizzes Today


Score Distribution

Your Account Isn't Verified!

In order to create a playlist on Sporcle, you need to verify the email address you used during registration. Go to your Sporcle Settings to finish the process.

Report this User

Report this user for behavior that violates our Community Guidelines.

Details: